Beliebteste männliche Vornamen der 1920er - Statistiken

Allgemein
  • Dieses Quiz wurde 2.321 mal gespielt
  • Das Durchschnittsergebnis liegt bei 49 aus 100
Antwortstatistiken
Antwort % Korrekt
Hans
85%
Karl
82%
Adolf
81%
Peter
81%
Friedrich
79%
Johann
79%
Paul
79%
Franz
76%
Otto
76%
Heinrich
74%
Heinz
74%
Wilhelm
72%
Fritz
71%
Johannes
70%
Dieter
68%
Klaus
68%
Werner
68%
Günther
67%
Josef
67%
Ludwig
67%
Michael
67%
Wolfgang
67%
Walter
65%
Georg
63%
Rudolf
63%
Albert
62%
Gerhard
62%
Max
61%
Willi
61%
Christian
60%
Hermann
60%
Anton
59%
Erich
59%
Helmuth
59%
Herbert
59%
Jürgen
58%
Leo
57%
Martin
57%
Manfred
56%
Richard
56%
Bernhard
55%
Gerd
55%
Gustav
55%
Uwe
55%
Emil
54%
Alexander
53%
Kurt
53%
Theodor
53%
Alfred
52%
Horst
52%
Norbert
52%
Ulrich
52%
Ernst
51%
Siegfried
50%
Konrad
49%
Robert
49%
Rudi
48%
Jan
47%
Ralf
47%
Rolf
47%
Joachim
46%
Erwin
45%
John
45%
Harald
41%
Jakob
40%
Oskar
40%
Ferdinand
39%
August
37%
Hubert
37%
Reinhard
37%
Dietrich
36%
Fred
35%
Berthold
34%
Viktor
34%
Julius
33%
Bruno
32%
Karlheinz
32%
Wilfried
32%
Egon
31%
Eberhard
30%
Lothar
29%
Arno
28%
Eduard
28%
Arthur
27%
Henry
27%
Gottfried
26%
Alfons
25%
Hugo
25%
Erhard
24%
Alois
23%
Edgar
23%
Ewald
22%
Waldemar
22%
Arnold
21%
Harry
21%
Reinhold
19%
Edmund
16%
Alwin
15%
Bodo
15%
Johnny
10%
Keine übereinstimmenden Quizze gefunden
Verteilung der Resultate
Anzahl Personen mit jedem Resultat
Perzentil nach korrekt beantworteten Fragen
Ihre Resultats-Entwicklung
Sie haben dieses Quiz noch nicht gespielt